000 00385nam a2200145Ia 4500
008 230917s9999||||xx |||||||||||||| ||und||
040 _e145079
_aMAIN
041 _aEnglish
082 _a364.0941 F576C
100 _aFitzgerald, Mike
245 0 _aCrime and society: Reading in history and theory
260 _aLondon
_bRoutledge & Kegan Paul
_c1981
300 _a503 p.
942 _cBK
999 _c42281
_d42281